Sociología de la educación

Gespeichert in:
Bibliographische Detailangaben
1. Verfasser: Agulla, Juan Carlos (VerfasserIn)
Format: Buch
Sprache:Spanisch
Veröffentlicht: Buenos Aires Paidós 1976
Schriftenreihe:Biblioteca del Educador Contemporáneo, 81
Schlagworte:
Tags: Tag hinzufügen
Keine Tags, Fügen Sie den ersten Tag hinzu!

MARC

LEADER 00000nam a2200000 a 4500
001 UCY7941
003 CL-VaPUC
008 950623e19761104AG |||||||||||||||||spa|d
082 0 4 |a 306.43  |b AGU  |2 21 
100 0 |a Agulla, Juan Carlos  |e author  |9 338900 
245 1 0 |a Sociología de la educación 
300 |a 212 p 
942 |c BK 
945 |d 19950623 00:00:00  |a mfernand 
260 |a Buenos Aires  |b Paidós  |c 1976 
650 0 |a Sociología de la educación   |9 260380 
650 0 |a Historia de la educación   |9 257642 
650 0 |a Antropología filosófica  |9 265842 
650 0 |a Control social  |9 322637 
650 0 |a Cambio social   |9 256857 
650 0 |a Socialización  |9 309940 
583 |a last modification  |c 20170925 04:15:25  |k Rodrigo Vera 
490 0 |a Biblioteca del Educador Contemporáneo, 81 
999 |c 235234  |d 235232 
952 |0 0  |1 0  |4 0  |6 306_430000000000000_AGU_1976  |7 0  |8 P  |9 242500  |a BIBEDU  |b BIBEDU  |c BIBEDU_PB  |d 2019-11-18  |i 1523120  |o 306.43 AGU 1976  |p 1523120  |r 2024-01-25  |w 2019-11-18  |y BK  |k EDU 
952 |0 0  |1 0  |4 0  |6 306_430000000000000_AGU_1976  |7 0  |8 P  |9 242501  |a BIBEDU  |b BIBEDU  |c BIBEDU_PB  |d 2019-11-18  |i 1523139  |o 306.43 AGU 1976  |p 1523139  |r 2024-01-25  |w 2019-11-18  |y BK  |k EDU